1755 1211 1659 1465 1918 1226 1272 1631 1109 1884 1161 1118 1009 1933 1494 1457 1858 1205 1462 1966 1858 1062 1018 1331 1235 1903 1041 1325 1984 1995 1936 1726 1119 1309 1601 1961 1467 1588 1716 1614 1133 1348 1538 1227 1932 1999 1672 1659 1655 1372 1243 1714 1356 1195 1220 1022 1326 1529 1043 1385 1977 1842 1107 1439 1469 1019 1144 1423 1034 1573 1428 1609 1966 1618 1894 1984 1386 1518 1326 1257 1769 1508 1009 1415 1550 1299 1583 1731 1046 1557 1352 1810 1366 1232 1285 1487 1766 1968 1927 BCNSPRNW ULIB Ver.6.0+V

เปลี่ยนเป็นภาษาไทย

Change to English
 แสดงรายละเอียดบรรณานุกรม
  กลับหน้าหลัก

Brief Record : Get Marc (ISO 2709) : E-mail record : QR code < ปิดหน้าต่าง
LEADER : 00000nam 2200000uu 4500
001    13399120886
003     ULIB
008    121022s2555||||th 000 0 tha d
099    วจ.WM270^bน196ผ
100 0  นภา ทองกิจ และคนอื่นๆ
245 00 ผลการให้บริการวิชาการความรู้เรื่องยาเสพติดให้โทษ ของนักเรียนมัธยมศึกษาตอนต้น โรงเรียนหนองพระพิทยา อำเภอวังทอง จังหวัดพิษณุโลก/^cนภา ทองกิจ และคนอื่นๆ
260    พิษณุโลก:^bวิทยาลัยการสาธารณสุขสิรินธร จังหวัดพิษณุโลก,^c2555
300    58 แผ่น,ภาคผนวก
650  7 ยาเสพติด^xวิจัย
945    ^p0^l0^i032860
995    เกษร
999    ^aใช้งานได้ทุกระบบ
รายการนี้ยังไม่มีแท็ก
คุณยังไม่ได้ล็อกอิน คุณสามารถมีกิจกรรมร่วมกับเว็บไซต์ได้ แต่ต้องล็อกอินก่อน ::
  ล็อกอิน

รายการสื่อสารสนเทศ

ลำดับที่ ประเภท เลขเรียก/บาร์โค้ด สถานที่ สถานะ
1. งานวิจัย
งานวิจัย
วจ.WM270 น196ผ  
  Barcode: 032860
ห้องสมุดวิทยาเขตสวรรค์ประชารักษ์
►วิจัย
บนชั้น

รายการใกล้เคียง
    ผู้แต่ง [นภา ทองกิจ และคนอื่นๆ]

BibComment


ยังไม่เคยถูกคอมเมนท์

คอมเมนท์ทรัพยากรรายการนี้
  คอมเมนท์: ผลการให้บริการวิช..


 Copyright 2026. Bcnsprnw @Library